000 00280nam a2200121Ia 4500
008 190216s9999||||xx |||||||||||||| ||und||
100 _aWalter J Moore
245 0 _aBasic Physical Chemistry
260 _bPrentice Hall
_c1986
300 _a708p
650 _aChemistry
942 _cBK
999 _c2638
_d2638